000 00721nam a2200217Ia 4500
005 20250508163904.0
008 008 250505s9999 xx 000 0 eng d
037 _aTextual
040 _aFEDL
_beng
_cFEDL
041 _aeng
_2eng
084 _a371.2, NAT
_qFEDL
100 _aTyagi R S
_9477286
245 0 _aEducational administration in Tamil Nadu: Structures, processes and future prospects
245 0 _cNATIONAL INSTITUTE OF EDUCATIONAL PLANNING AND ADMINISTRATION.
260 _aNew Delhi, India
_bVikas Publishing House Private Limited
_c2001
300 _axxiii,232p
365 _aINR
_b315
700 _a Paramasivan S
_9776678
942 _cTEXL
_h371.2, NAT
999 _c1385798
_d1385798